Представление документа в формате RUSMARC

ПолеНазваниеЗначение
  Тип записи a
  Библиографический уровень m
001 Контрольный номер RU/CBS_UL/BASE/9b7bb4f766c34039b9f3a732328972bc
005 Дата корректировки 20260113144401.8
010 Индекс ISBN __
a ISBN 978-5-00214-824-0
b Уточнения в пер.
d Цена 875 р. 00 к.
9 Тираж 5 000 экз.
100 Данные общей обработки __
a Данные общей обработки 20231120d 0rusy0189## ca
101 Язык документа 0_
a Язык текста rus
102 Страна публикации __
a Страна публикации RU
200 Заглавие и сведения об ответственности 1_
a Заглавие Мифы северных народов России для детей
f Первые сведения об ответственности В. Новикова
g Последующие сведения об ответственности ил. А. Соломатиной
210 Выходные данные 1_
a Место издания Москва
c Издательство МИФ
d Дата издания 2025
215 Физическое описание __
a Объем 173, [2] с.
d Формат 21,5 см.
c Иллюстрации/тип воспроизводства ил.
225 Серия 2_
a Серия Мифы для детей
300 Общие примечания __
a Общие примечания 12+
606 Тематические рубрики 0_
a Основная рубрика Фольклор народов России - Север - Мифы
610 Ключевые слова 0_
a Ключевые слова мифы народов России; поверья; обряды; предания; сказания; богатыри; великаны; животные священные; шаманы; жители Сибири
686 Индексы других классификаций __
2 Код системы rubbk
a Классификационный индекс 82.3(2Рос)
700 Автор _1
a Фамилия Новикова
b Имя (инициалы) В.
g Полное личное имя Виктория
801 Источник записи _0
a Страна RU
b Организация МБУК ЦБС г. Ульяновска
c Дата составления 20231120
g Правила каталогизации RCR
801 Источник записи _1
a Страна RU
b Организация МБУК ЦБС г. Ульяновска
c Дата составления 20231120
g Правила каталогизации RCR
852 Данные о местонахождении __
i Авторский знак Н 73
j Шифр хранения 82.3(2Рос)
900 Электронные ресурсы __
a Имя электронного ресурса мифы сев нар новикова
901 Тип документа __
t Тип документа m